[Event "3rd Ceramica Corund Open"]
[Site "?"]
[Date "2017.09.26"]
[Round "?"]
[White "Goth, Gabriel"]
[Black "Florescu, Codrut-Constantin"]
[Result "0-1"]
[WhiteElo "1973"]
[BlackElo "2293"]
[PlyCount "57"]
[EventDate "2017.??.??"]

1. e4 c5 2. Nf3 e6 3. d4 cxd4 4. Nxd4 Qb6 5. Nb3 Nc6 6. Be3 Qc7 7. g3 Nf6 8.
Nc3 Bb4 9. Bg2 d5 10. exd5 Nxd5 11. Bxd5 exd5 12. O-O Bxc3 13. bxc3 O-O 14.
Qxd5 Bh3 15. Rfd1 Bg4 16. Qd6 Qc8 17. Re1 f6 18. f4 Rd8 19. Qc5 Bf3 20. Qc4+
Bd5 21. Qf1 Qf5 22. c4 Bf7 23. c3 Rd3 24. Nd4 Nxd4 25. Bxd4 Bxc4 26. Qf2 Bd5
27. Re7 Bc6 28. Rae1 Qd5 29. Ra1 0-1

[Event "3rd Ceramica Corund Open"]
[Site "?"]
[Date "2017.09.27"]
[Round "?"]
[White "Florescu, Codrut-Constantin"]
[Black "Pavlov, Sergey"]
[Result "0-1"]
[WhiteElo "2293"]
[BlackElo "2502"]
[PlyCount "76"]
[EventDate "2017.??.??"]

1. e4 c5 2. Nf3 Nc6 3. Bb5 e6 4. O-O Nge7 5. Re1 a6 6. Bf1 d5 7. exd5 Nxd5 8.
d4 Nf6 9. c3 cxd4 10. cxd4 Be7 11. Nc3 O-O 12. Bg5 b5 13. Rc1 Bb7 14. Bxf6 Bxf6
15. Ne4 Nb4 16. a3 Bxe4 17. Rxe4 Nd5 18. Re2 Ne7 19. Rd2 Qd6 20. Bd3 Rac8 21.
Be4 g6 22. g3 Rxc1 23. Qxc1 Rc8 24. Qd1 Kg7 25. Kg2 a5 26. Qb3 b4 27. Qa4 Qb6
28. Ne5 Bxe5 29. dxe5 Qc5 30. axb4 axb4 31. Rc2 Qd4 32. Re2 Rc5 33. Bf3 Nf5 34.
Re4 Qxb2 35. Qxb4 Ne3+ 36. Kh3 Qxf2 37. Qxc5 Qf1+ 38. Kh4 Qxf3 0-1

[Event "3rd Ceramica Corund Open"]
[Site "?"]
[Date "2017.09.28"]
[Round "?"]
[White "Florescu, Codrut-Constantin"]
[Black "Bernadskiy, Vitaliy"]
[Result "0-1"]
[WhiteElo "2293"]
[BlackElo "2570"]
[PlyCount "122"]
[EventDate "2017.??.??"]

1. e4 Nf6 2. e5 Nd5 3. d4 d6 4. Nf3 Bg4 5. Be2 e6 6. O-O Be7 7. c4 Nb6 8. Nc3
O-O 9. Be3 d5 10. c5 Bxf3 11. gxf3 Nc8 12. Kh1 Nc6 13. b4 Bh4 14. b5 Na5 15.
Bd3 Ne7 16. Qc2 g6 17. Bh6 Re8 18. Rg1 Kh8 19. Nd1 b6 20. c6 a6 21. a4 Nc4 22.
Ne3 Ng8 23. Bf4 axb5 24. axb5 Nxe3 25. fxe3 Rxa1 26. Rxa1 Bg5 27. Bxg5 Qxg5 28.
f4 Qh4 29. Qg2 Nh6 30. Qg3 Qh5 31. Kg2 Nf5 32. Bxf5 gxf5 33. Kh1 Rg8 34. Qf2
Rg6 35. Rg1 Qh3 36. Rxg6 fxg6 37. Kg1 Qg4+ 38. Kf1 Kg7 39. Ke1 Kh6 40. Kd2 Kh5
41. Qf1 h6 42. Qa1 Qg2+ 43. Kd3 Kg4 44. Qa7 Kf3 45. Qxc7 Qe2+ 46. Kc3 Qxe3+ 47.
Kc2 Qe2+ 48. Kb3 Qxb5+ 49. Ka2 Qa4+ 50. Kb1 Qd1+ 51. Ka2 Qc2+ 52. Ka1 b5 53.
Qb6 b4 54. Qc5 Qd2 55. c7 b3 56. Qa3 Qd1+ 57. Kb2 Qc2+ 58. Ka1 Kxf4 59. Qxb3
Qxb3 60. c8=Q Qa4+ 61. Kb1 Qb4+ 0-1

[Event "3rd Ceramica Corund Open"]
[Site "?"]
[Date "2017.09.29"]
[Round "?"]
[White "Stoyanov, Tsvetan"]
[Black "Florescu, Codrut-Constantin"]
[Result "0-1"]
[WhiteElo "2178"]
[BlackElo "2293"]
[PlyCount "88"]
[EventDate "2017.??.??"]

1. e4 c5 2. Nf3 Nc6 3. d4 cxd4 4. Nxd4 e5 5. Nb5 d6 6. N1c3 a6 7. Na3 b5 8. Nd5
Nge7 9. c4 Nd4 10. Be3 Nxd5 11. cxd5 Be7 12. Nc2 Nxc2+ 13. Qxc2 O-O 14. Qd2 f5
15. f3 Bh4+ 16. g3 f4 17. Bf2 fxg3 18. hxg3 Bg5 19. Be3 Bxe3 20. Qxe3 Qa5+ 21.
Ke2 Bd7 22. Kf2 Bg4 23. Be2 Rxf3+ 24. Bxf3 Rf8 25. Rh2 Qb4 26. Kg1 Rxf3 27. a3
Qc4 28. b3 Qc8 29. Qe1 Qc5+ 30. Kh1 Re3 31. Qf2 Bf3+ 32. Kg1 Bxe4 33. Rh3 Bf5
34. Kh2 Bxh3 35. Kxh3 Rc3 36. Qxc5 Rxc5 37. b4 Rxd5 38. a4 Rd4 39. axb5 axb5
40. Ra6 d5 41. Ra8+ Kf7 42. Ra7+ Kf6 43. Ra6+ Kf5 44. Ra7 g5 0-1

[Event "41st Zurich Christmas"]
[Site "?"]
[Date "2017.12.27"]
[Round "?"]
[White "Bauer, Christian"]
[Black "Florescu, Codrut-Constantin"]
[Result "1-0"]
[WhiteElo "2647"]
[BlackElo "2309"]
[PlyCount "77"]
[EventDate "2017.??.??"]

1. e4 c5 2. Nf3 e6 3. d4 cxd4 4. Nxd4 Nf6 5. Nc3 d6 6. g4 a6 7. g5 Nfd7 8. h4
b5 9. a3 Bb7 10. h5 Nc6 11. Nxc6 Bxc6 12. Be3 Qb8 13. Qd4 a5 14. Bg2 b4 15. Ne2
Nc5 16. axb4 axb4 17. O-O Rxa1 18. Rxa1 e5 19. Qc4 Be7 20. Ng3 g6 21. c3 b3 22.
h6 O-O 23. Bh3 Qb7 24. f4 d5 25. exd5 Bxd5 26. Qf1 e4 27. Qd1 Re8 28. Qd4 Bf8
29. Ra5 Qb6 30. Rxc5 Qxc5 31. Qxc5 Bxc5 32. Bxc5 Ra8 33. c4 Bc6 34. Kf2 Ra1 35.
Bf1 Rc1 36. Bd4 Kf8 37. Bf6 Ke8 38. Be2 Kd7 39. Ke3 1-0

[Event "It \"]
[Site "Corund (Romania)"]
[Date "2017.09.27"]
[Round "3"]
[White "Varlan, Herwig Ioan"]
[Black "Florescu, Codrut-Constantin"]
[Result "0-1"]
[WhiteElo "2187"]
[BlackElo "2304"]
[PlyCount "97"]
[EventDate "2017.??.??"]

1. d4 f5 2. Nf3 Nf6 3. g3 d5 4. Bg2 e6 5. O-O Bd6 6. b3 Qe7 7. Bb2 a5 8. c4 b6
9. Nbd2 O-O 10. Ne5 c6 11. Qc2 Bb7 12. Rac1 Na6 13. Qb1 Rac8 14. Nd3 Ne4 15.
Nxe4 dxe4 16. Ne5 Bxe5 17. dxe5 c5 18. a3 Rfd8 19. Rcd1 Rc7 20. Rxd8+ Qxd8 21.
Rd1 Rd7 22. Rxd7 Qxd7 23. Bc3 Bc6 24. e3 Kf7 25. Bf1 Ke8 26. Be2 Kd8 27. Qd1 a4
28. bxa4 Bxa4 29. Qb1 Kc7 30. h4 Nb8 31. Kf1 Nc6 32. Ke1 Kb7 33. Qb2 Ka6 34.
Qd2 Qxd2+ 35. Kxd2 Bb3 36. h5 h6 37. Kc1 Na5 38. Bxa5 Kxa5 39. Kb2 Ka4 40. Kc3
Kxa3 41. g4 Ba4 42. gxf5 exf5 43. e6 Be8 44. e7 Ka4 45. f3 exf3 46. Bxf3 b5 47.
Bd5 b4+ 48. Kb2 Ka5 49. e4 0-1

[Event "It \"]
[Site "Corund (Romania)"]
[Date "2017.09.29"]
[Round "6"]
[White "Szabo, Gergely-Andras-Gyul"]
[Black "Florescu, Codrut-Constantin"]
[Result "1-0"]
[WhiteElo "2563"]
[BlackElo "2304"]
[PlyCount "81"]
[EventDate "2017.??.??"]

1. e4 c5 2. Nf3 Nc6 3. c3 e5 4. Bc4 Be7 5. O-O Qc7 6. Na3 Nf6 7. d4 d6 8. dxc5
dxc5 9. Bg5 O-O 10. Bxf6 Bxf6 11. Nc2 Rb8 12. Ne3 b5 13. Bd5 Ne7 14. c4 bxc4
15. Qc2 Ba6 16. Rfd1 Rb4 17. Bxc4 Bxc4 18. Nxc4 Nc6 19. Ne3 Nd4 20. Nxd4 Rxd4
21. Nf5 Rb4 22. b3 Qc6 23. Rd5 g6 24. a3 Rb6 25. Nd6 Ra6 26. Nc4 Qc7 27. Rad1
Kg7 28. Rd7 Qb8 29. g3 Rd8 30. Rxd8 Bxd8 31. Rd7 Rf6 32. Qd3 Bc7 33. Kg2 h5 34.
h4 a6 35. Kg1 Qc8 36. Qd5 Qb8 37. Ne3 Ba5 38. b4 Bxb4 39. axb4 cxb4 40. Rb7 Qc8
41. Rxb4 1-0

[Event "It \"]
[Site "Corund (Romania)"]
[Date "2017.09.30"]
[Round "7"]
[White "Florescu, Codrut-Constantin"]
[Black "Farcas, Doru Marius"]
[Result "1-0"]
[WhiteElo "2304"]
[BlackElo "2039"]
[PlyCount "53"]
[EventDate "2017.??.??"]

1. d4 f5 2. Bg5 Nf6 3. Nd2 d5 4. e3 e6 5. Ngf3 Be7 6. c4 c6 7. Qc2 O-O 8. Bxf6
Bxf6 9. Bd3 g6 10. h3 Nd7 11. g4 e5 12. dxe5 Nxe5 13. Nxe5 Bxe5 14. O-O-O fxg4
15. hxg4 Rxf2 16. Bxg6 hxg6 17. Qxg6+ Bg7 18. Qh7+ Kf8 19. Rdf1 Qf6 20. Rxf2
Qxf2 21. Rf1 Qxf1+ 22. Nxf1 Bxg4 23. Qg6 Bh3 24. Ng3 Rd8 25. Nh5 Be5 26. Qg5
Re8 27. Nf4 1-0

[Event "It \"]
[Site "Corund (Romania)"]
[Date "2017.09.30"]
[Round "8"]
[White "Ionescu Brandis, Irina"]
[Black "Florescu, Codrut-Constantin"]
[Result "1/2-1/2"]
[WhiteElo "2227"]
[BlackElo "2304"]
[PlyCount "24"]
[EventDate "2017.??.??"]

1. e4 c6 2. d3 d5 3. Nd2 e5 4. Ngf3 Bd6 5. g3 Nf6 6. Bg2 O-O 7. O-O Bg4 8. h3
Bxf3 9. Bxf3 dxe4 10. Nxe4 Nxe4 11. dxe4 Bc5 12. c3 a5 1/2-1/2

[Event "Open di Natale 2016"]
[Site "Zurigo SVI"]
[Date "2016.12.27"]
[Round "3"]
[White "Stojanovic, Mihajlo"]
[Black "Florescu, Codrut-Constantin"]
[Result "1-0"]
[WhiteElo "2515"]
[BlackElo "2283"]
[PlyCount "65"]
[EventDate "2016.12.26"]

1. Nf3 Nf6 2. c4 e6 3. Nc3 d5 4. d4 Be7 5. Bg5 O-O 6. e3 b6 7. Be2 Bb7 8. O-O
Nbd7 9. Rc1 dxc4 10. Bxc4 a6 11. a4 Nd5 12. Bxd5 exd5 13. Bxe7 Qxe7 14. Qb3 Qd6
15. Rfd1 Rab8 16. Qa2 Rfd8 17. h3 Nf8 18. a5 Ne6 19. Ra1 Rbc8 20. Qa3 Qxa3 21.
Rxa3 f6 22. Na4 Rd6 23. Rc1 Rb8 24. Rac3 Kf8 25. Ne1 Ke7 26. Nd3 Kd7 27. Rb3
Rc6 28. Ra1 Bc8 29. axb6 cxb6 30. Nac5+ bxc5 31. Rxb8 Kc7 32. Rxc8+ Kxc8 33.
dxc5 1-0

[Event "Campionatele Nationale pe echipe-Superl"]
[Site "Mamaia"]
[Date "2015.10.03"]
[Round "1.3"]
[White "Cioara, Andrei Nestor"]
[Black "Florescu, Codrut-Constantin"]
[Result "1/2-1/2"]
[WhiteElo "2424"]
[BlackElo "2273"]
[PlyCount "31"]
[EventDate "2015.10.03"]
[EventType "team"]
[EventRounds "9"]
[WhiteTeam "CSU PLOIESTI"]
[BlackTeam "CS APOLLO SATU MARE"]

1. d4 Nf6 2. c4 g6 3. g3 Bg7 4. Bg2 O-O 5. Nc3 d6 6. Nf3 c6 7. O-O a6 8. e4
Nfd7 9. Be3 b5 10. c5 dxc5 11. dxc5 Qc7 12. Qc2 a5 13. Rac1 Na6 14. Ne2 e5 15.
Ne1 Re8 16. Nd3 1/2-1/2

[Event "Campionatele Nationale pe echipe-Superl"]
[Site "Mamaia"]
[Date "2015.10.04"]
[Round "2.3"]
[White "Florescu, Codrut-Constantin"]
[Black "Miron, Lucian Costin"]
[Result "1/2-1/2"]
[WhiteElo "2273"]
[BlackElo "2496"]
[PlyCount "33"]
[EventDate "2015.10.03"]
[EventType "team"]
[EventRounds "9"]
[WhiteTeam "CS APOLLO SATU MARE"]
[BlackTeam "ACS SAH APA NOVA BUCURESTI"]

1. e4 e5 2. Nf3 Nc6 3. Nc3 Nf6 4. g3 d5 5. exd5 Nxd5 6. Bg2 Nde7 7. O-O g6 8.
d4 exd4 9. Nb5 a6 10. Nbxd4 Nxd4 11. Qxd4 Qxd4 12. Nxd4 Bg7 13. c3 Bxd4 14.
cxd4 c6 15. Bg5 Be6 16. Rfe1 Nd5 17. Bxd5 1/2-1/2

[Event "Campionatele Nationale pe echipe-Superl"]
[Site "Mamaia"]
[Date "2015.10.05"]
[Round "3.2"]
[White "Florescu, Codrut-Constantin"]
[Black "Vajda, Levente"]
[Result "1-0"]
[WhiteElo "2273"]
[BlackElo "2568"]
[PlyCount "93"]
[EventDate "2015.10.03"]
[EventType "team"]
[EventRounds "9"]
[WhiteTeam "CS APOLLO SATU MARE"]
[BlackTeam "CLUBUL DE SAH AL MUNICIPIULUI BAIA MARE"]

1. d4 Nf6 2. Nf3 g6 3. c4 Bg7 4. Nc3 d6 5. Bf4 O-O 6. e3 Nbd7 7. h3 c6 8. Be2
h6 9. O-O Nh7 10. Qd2 e5 11. Bh2 f5 12. Rad1 e4 13. Ne1 Ndf6 14. b4 d5 15. b5
Be6 16. bxc6 bxc6 17. Na4 Nd7 18. c5 g5 19. Bd6 g4 20. Ba6 Rb8 21. Kh2 h5 22.
Rg1 h4 23. Nc2 Ndf6 24. Rb1 Rxb1 25. Rxb1 Ng5 26. Rb8 Qxb8 27. Bxb8 Rxb8 28.
Be2 Nh5 29. Na3 Bf6 30. Qa5 Rb7 31. Qa6 Rc7 32. Qa5 Bd8 33. Nc2 Nf7 34. Qb4 g3+
35. Kg1 gxf2+ 36. Kxf2 Ng3 37. Ba6 Kg7 38. Nc3 Re7 39. Ne2 Nxe2 40. Kxe2 Bc7
41. Qb7 Nd8 42. Qxa7 Bf7 43. Kf1 Be8 44. Be2 Rd7 45. Qa8 Bg3 46. Nb4 Bf7 47. a3
1-0

[Event "Campionatele Nationale pe echipe-Superl"]
[Site "Mamaia"]
[Date "2015.10.06"]
[Round "4.3"]
[White "Florescu, Codrut-Constantin"]
[Black "Filip, Lucian-Ioan"]
[Result "1/2-1/2"]
[WhiteElo "2273"]
[BlackElo "2434"]
[PlyCount "51"]
[EventDate "2015.10.03"]
[EventType "team"]
[EventRounds "9"]
[WhiteTeam "CS APOLLO SATU MARE"]
[BlackTeam "CS VICTORIA TECHIRGHIOL"]

1. d4 Nf6 2. c4 e6 3. Nc3 Bb4 4. Qc2 O-O 5. a3 Bxc3+ 6. Qxc3 d5 7. Nf3 dxc4 8.
Qxc4 b6 9. Bg5 Ba6 10. Qa4 Qd7 11. Qc2 c5 12. Bxf6 gxf6 13. dxc5 Rc8 14. Qe4
Qb5 15. Qg4+ Kf8 16. Qd4 Ke7 17. Rc1 Rxc5 18. Rxc5 bxc5 19. Qc3 Qb6 20. e3 Bxf1
21. Rxf1 Nd7 22. Kd2 Rg8 23. Rg1 Qb5 24. Kc1 Rg4 25. Kb1 Rg8 26. Nd2 1/2-1/2

[Event "Campionatele Nationale pe echipe-Superl"]
[Site "Mamaia"]
[Date "2015.10.07"]
[Round "5.3"]
[White "Bonte, Andrei-Mihai"]
[Black "Florescu, Codrut-Constantin"]
[Result "1-0"]
[WhiteElo "2322"]
[BlackElo "2273"]
[PlyCount "85"]
[EventDate "2015.10.03"]
[EventType "team"]
[EventRounds "9"]
[WhiteTeam "CS SAH CLUB GALATI"]
[BlackTeam "CS APOLLO SATU MARE"]

1. d4 Nf6 2. c4 g6 3. Nc3 Bg7 4. e4 d6 5. Nf3 O-O 6. Be2 c6 7. O-O e5 8. Re1
Nbd7 9. Rb1 exd4 10. Nxd4 Re8 11. Bf3 a6 12. Bf4 Ne5 13. Be2 Qc7 14. Qd2 b6 15.
Rbc1 Bb7 16. f3 Rad8 17. Bf1 Nh5 18. Bg5 Rc8 19. Kh1 Nd7 20. Red1 Nhf6 21. b4
Qb8 22. b5 Ne5 23. bxc6 Nxc6 24. Nxc6 Rxc6 25. Nd5 Nxd5 26. cxd5 Rxc1 27. Rxc1
Rc8 28. a4 Rxc1 29. Qxc1 Bd4 30. Qc4 Bc5 31. Qc3 Qf8 32. Bc4 Bc8 33. Qf6 Bd7
34. Bd2 h5 35. Bc3 Kh7 36. Bxa6 Bxa4 37. Bc8 Be3 38. Be6 Be8 39. f4 Qg8 40. Bc8
Ba4 41. Bb7 Bc5 42. Bc6 Bc2 43. Be8 1-0

[Event "Campionatele Nationale pe echipe-Superl"]
[Site "Mamaia"]
[Date "2015.10.08"]
[Round "6.2"]
[White "Florescu, Codrut-Constantin"]
[Black "Vovk Andrey (UKR)"]
[Result "1/2-1/2"]
[WhiteElo "2273"]
[BlackElo "2619"]
[PlyCount "165"]
[EventDate "2015.10.03"]
[EventType "team"]
[EventRounds "9"]
[WhiteTeam "CS APOLLO SATU MARE"]
[BlackTeam "CS AEM LUXTEN TIMISOARA"]

1. e4 c5 2. Nf3 Nc6 3. d4 cxd4 4. Nxd4 Nf6 5. Nc3 d6 6. Bg5 e6 7. Qd2 a6 8.
O-O-O Bd7 9. f3 Be7 10. h4 h6 11. Be3 h5 12. Bg5 Ne5 13. f4 Neg4 14. Qe1 Qc7
15. Rd3 b5 16. Be2 b4 17. Bxg4 bxc3 18. Bf3 cxb2+ 19. Kb1 Rc8 20. e5 Ba4 21.
Kxb2 dxe5 22. fxe5 Rb8+ 23. Ka1 Bb4 24. Bd2 Bxd2 25. Qxd2 Qxe5 26. Re1 Qc5 27.
Nb3 Qe7 28. Re5 Bb5 29. Rd4 O-O 30. Bxh5 Nxh5 31. Rxh5 Rfd8 32. Rg5 e5 33.
Rxd8+ Rxd8 34. Qe1 f6 35. Rg3 Bc6 36. Kb2 Qb7 37. Qf2 Rd6 38. h5 Be4 39. Rg4 a5
40. a4 f5 41. Rg6 Rxg6 42. hxg6 Qc6 43. Nc5 Qb6+ 44. Kc1 Qxg6 45. Nxe4 fxe4 46.
c4 Qc6 47. Qc2 e3 48. c5 e2 49. Qxe2 Qxc5+ 50. Kd1 Qd4+ 51. Ke1 e4 52. Qa2+ Kh7
53. Qe2 g6 54. Qg4 Kg7 55. Qg5 Qa1+ 56. Ke2 Qb2+ 57. Ke1 Qb4+ 58. Ke2 Kf7 59.
Qd5+ Kf6 60. g4 Qb2+ 61. Ke3 Qa3+ 62. Kd2 Qb2+ 63. Ke3 Qc1+ 64. Kxe4 Qe1+ 65.
Kd4 Qd2+ 66. Kc4 Qb4+ 67. Kd3 Qxg4 68. Qxa5 Qf3+ 69. Kd2 Qf2+ 70. Kd3 g5 71.
Qc3+ Kg6 72. Qc6+ Kh5 73. Qe8+ Kh4 74. Qh8+ Kg3 75. Qe5+ Kh4 76. Qh8+ Kg3 77.
Qe5+ Qf4 78. Qe3+ Kg2 79. Qd2+ Kh3 80. a5 Qf1+ 81. Ke4 Qc4+ 82. Qd4 Qc6+ 83.
Qd5 1/2-1/2

[Event "Campionatele Nationale pe echipe-Superl"]
[Site "Mamaia"]
[Date "2015.10.09"]
[Round "7.2"]
[White "Rogozenco, Dorian"]
[Black "Florescu, Codrut-Constantin"]
[Result "1/2-1/2"]
[WhiteElo "2524"]
[BlackElo "2273"]
[PlyCount "46"]
[EventDate "2015.10.03"]
[EventType "team"]
[EventRounds "9"]
[WhiteTeam "CS STUDENTESC MEDICINA TIMISOARA"]
[BlackTeam "CS APOLLO SATU MARE"]

1. d4 f5 2. g3 Nf6 3. Bg2 g6 4. Nh3 d6 5. d5 c5 6. Nc3 Na6 7. e4 fxe4 8. Ng5
Bg4 9. f3 exf3 10. Bxf3 Bxf3 11. Qxf3 Nc7 12. Qd3 Qd7 13. Rf1 Rg8 14. Bd2 O-O-O
15. O-O-O Bh6 16. Rde1 Bxg5 17. Bxg5 Rdf8 18. Rf2 Rf7 19. Ref1 Qg4 20. Bxf6
Rxf6 21. Rxf6 exf6 22. Rxf6 Qg5+ 23. Rf4 Re8 1/2-1/2

[Event "Campionatele Nationale pe echipe-Superl"]
[Site "Mamaia"]
[Date "2015.10.10"]
[Round "8.3"]
[White "Mateuta, Gabriel"]
[Black "Florescu, Codrut-Constantin"]
[Result "0-1"]
[WhiteElo "2509"]
[BlackElo "2273"]
[PlyCount "64"]
[EventDate "2015.10.03"]
[EventType "team"]
[EventRounds "9"]
[WhiteTeam "CS POLITEHNICA-ANTIBIOTICE IASI"]
[BlackTeam "CS APOLLO SATU MARE"]

1. d4 Nf6 2. Nf3 b6 3. c4 e6 4. e3 d5 5. cxd5 exd5 6. Ne5 Bd6 7. Bb5+ Kf8 8.
O-O Bb7 9. Nc3 Qe7 10. f4 a6 11. Bd3 c5 12. b3 Nbd7 13. Ne2 Ne4 14. Nxd7+ Qxd7
15. Bxe4 dxe4 16. dxc5 bxc5 17. Ba3 Ke7 18. Ng3 h5 19. Qc2 Rac8 20. Nxe4 Qf5
21. Nxd6 Qxc2 22. Nxb7 Rh6 23. Nxc5 Ke8 24. Na4 Rhc6 25. e4 Qd2 26. Rad1 Qxa2
27. Ra1 Qxb3 28. Bb2 Qe3+ 29. Kh1 Rc2 30. Rg1 R8c4 31. Bxg7 Rc1 32. Rf1 Rxa1
0-1

[Event "8th Arad Open 2015"]
[Site "Arad ROU"]
[Date "2015.08.07"]
[Round "3.2"]
[White "Iordachescu, Viorel"]
[Black "Florescu, Codrut-Constantin"]
[Result "1-0"]
[WhiteElo "2589"]
[BlackElo "2269"]
[PlyCount "91"]
[EventDate "2015.08.06"]

1. e4 c5 2. Nf3 Nc6 3. Bb5 e5 4. c3 Qc7 5. O-O Nf6 6. d4 cxd4 7. cxd4 Bd6 8. d5
Ne7 9. Nbd2 O-O 10. Bd3 Ng6 11. g3 Bc5 12. Nb3 Bb6 13. Bg5 d6 14. Bxf6 gxf6 15.
Nfd2 a6 16. Qf3 Bh3 17. Rfc1 Qe7 18. Nc4 Ba7 19. Bf1 Bd7 20. Ne3 Rfc8 21. Nf5
Bxf5 22. Qxf5 Rxc1 23. Rxc1 Qd8 24. Rc2 Kg7 25. h4 Ne7 26. Qg4+ Kh8 27. Qf3 Kg7
28. Bh3 b5 29. h5 h6 30. Nd2 Bd4 31. Qg4+ Kf8 32. Nf3 Bc5 33. Nh4 b4 34. Kg2
Ra7 35. Qf3 Kg7 36. Rd2 Qa5 37. Rd3 Qb5 38. Qg4+ Kf8 39. Rf3 Qe2 40. Ng6+ Ke8
41. Nxe7 Kxe7 42. Qh4 Ke8 43. Qxf6 Qxe4 44. Qh8+ Ke7 45. Qxh6 Qxd5 46. Qg5+ 1-0

[Event "8th Arad Open 2015"]
[Site "Arad ROU"]
[Date "2015.08.11"]
[Round "8.11"]
[White "Florescu, Codrut-Constantin"]
[Black "Yemelin, Vasily"]
[Result "1/2-1/2"]
[WhiteElo "2269"]
[BlackElo "2574"]
[PlyCount "82"]
[EventDate "2015.08.06"]

1. d4 Nf6 2. Nf3 e6 3. g3 d5 4. Bg2 b5 5. O-O Bb7 6. Qd3 a6 7. a4 c5 8. dxc5 b4
9. c3 Bxc5 10. Nbd2 bxc3 11. bxc3 Nc6 12. Rb1 Qe7 13. e4 O-O 14. exd5 Nxd5 15.
Ne4 Ba7 16. Nd6 Qxd6 17. Rxb7 Qc5 18. Ng5 g6 19. Ne4 Qa5 20. c4 Ndb4 21. Qd2
Rab8 22. Qh6 Bd4 23. Rxb8 Rxb8 24. Ng5 Bg7 25. Qxh7+ Kf8 26. Bb2 e5 27. Be4 Nd4
28. h4 Qxa4 29. h5 gxh5 30. Bxd4 exd4 31. Qf5 Qe8 32. Kg2 d3 33. Bxd3 Nxd3 34.
Qxd3 Qc6+ 35. Kg1 Qg6 36. Qxg6 fxg6 37. Ne6+ Kf7 38. Nxg7 Kxg7 39. Ra1 Ra8 40.
Ra5 Kf7 41. Kg2 Rc8 1/2-1/2

[Event "8th Arad Open 2015"]
[Site "Arad ROU"]
[Date "2015.08.12"]
[Round "9.13"]
[White "Peptan, Corina-Isabela"]
[Black "Florescu, Codrut-Constantin"]
[Result "1-0"]
[WhiteElo "2423"]
[BlackElo "2269"]
[PlyCount "43"]
[EventDate "2015.08.06"]

1. d4 Nf6 2. Nf3 b6 3. e3 Bb7 4. Bd3 e6 5. O-O d5 6. c4 dxc4 7. Bxc4 Be7 8. Nc3
O-O 9. Qe2 a6 10. e4 c5 11. dxc5 b5 12. Bd3 b4 13. Na4 Nbd7 14. Bg5 Qa5 15. Nb6
Nxc5 16. Bxf6 Bxf6 17. Nxa8 Nxd3 18. Qxd3 Bxb2 19. Rab1 Bc3 20. Nb6 Bc6 21. Nd4
Bb7 22. Ne2 1-0

[Event "Camp. rumeno 2015"]
[Site "Calimanesti ROM"]
[Date "2015.04.18"]
[Round "1"]
[White "Miron, Lucian Costin"]
[Black "Florescu, Codrut-Constantin"]
[Result "1/2-1/2"]
[WhiteElo "2486"]
[BlackElo "2249"]
[PlyCount "51"]
[EventDate "2015.04.18"]
[EventRounds "9"]

1. d4 f5 2. g3 Nf6 3. Nh3 e6 4. Bg2 d5 5. O-O Bd6 6. Bf4 Be7 7. c4 c6 8. Nc3
O-O 9. Qc2 Na6 10. a3 Bd7 11. c5 Nc7 12. b4 Nb5 13. Rfd1 Nxc3 14. Qxc3 h6 15.
f3 g5 16. Be5 Be8 17. Nf2 Nd7 18. Nd3 Nxe5 19. Nxe5 Bf6 20. Nd3 Bg7 21. e3 Qc7
22. f4 Qe7 23. a4 a6 24. Rab1 Bf6 25. Nf2 Qg7 26. Bf1 1/2-1/2

[Event "Camp. rumeno 2015"]
[Site "Calimanesti ROM"]
[Date "2015.04.19"]
[Round "2"]
[White "Florescu, Codrut-Constantin"]
[Black "Burnoiu, Nicolae Costel"]
[Result "1/2-1/2"]
[WhiteElo "2249"]
[BlackElo "2400"]
[PlyCount "164"]
[EventDate "2015.04.18"]
[EventRounds "9"]

1. d4 d5 2. Nf3 Nf6 3. c4 c6 4. Qc2 e6 5. Bf4 Nbd7 6. e3 Nh5 7. Bg3 Be7 8. Nbd2
O-O 9. Be2 h6 10. a3 Nxg3 11. hxg3 c5 12. cxd5 exd5 13. dxc5 Nxc5 14. b4 Ne6
15. Nb3 Bd7 16. Nbd4 Nxd4 17. Nxd4 a5 18. b5 Bf6 19. Rd1 a4 20. O-O Qa5 21. Qc5
Be6 22. Nxe6 fxe6 23. Qd6 Rfe8 24. Bg4 Rad8 25. Qc5 Be5 26. e4 Bd6 27. Qe3 Qxb5
28. Rb1 Qc5 29. Qxc5 Bxc5 30. Rxb7 dxe4 31. Rb5 Bxa3 32. Ra1 Rd3 33. Re5 Bb2
34. Rxe6 Ra8 35. Ra2 a3 36. Rxe4 Rad8 37. Be6+ Kh8 38. Kh2 Rd2 39. Ra4 R2d3 40.
Kh3 g6 41. Ra7 R8d6 42. Bc4 Rc3 43. Bf7 Kg7 44. Be8+ Kf8 45. Bb5 Rd5 46. Bd7
Re5 47. Ra6 Ke7 48. Ra7 Kd6 49. Ba4 Rh5+ 50. Kg4 Rg5+ 51. Kh3 Rc1 52. g4 h5 53.
Bd7 Re5 54. Ba4 Rc4 55. Ra6+ Ke7 56. gxh5 Rxh5+ 57. Kg3 Rg5+ 58. Kh3 Rf4 59.
Bb3 Rb4 60. R2xa3 Bxa3 61. Rxa3 Rf4 62. Ra2 Rf8 63. g3 Re5 64. Bc4 Rc5 65. Bd3
Rc6 66. Kg2 Rd6 67. Ra7+ Kf6 68. Ra6 Rfd8 69. Rxd6+ Rxd6 70. Bb1 g5 71. Kf3 Rd4
72. Be4 Ke5 73. Bb7 Rb4 74. Bc6 g4+ 75. Ke3 Rb3+ 76. Ke2 Kd6 77. Be4 Rb4 78.
Bf5 Ke5 79. Bc8 Rc4 80. Bd7 Re4+ 81. Kf1 Rc4 82. Ke2 Re4+ 1/2-1/2

[Event "Camp. rumeno 2015"]
[Site "Calimanesti ROM"]
[Date "2015.04.20"]
[Round "3"]
[White "Anton, Teodor"]
[Black "Florescu, Codrut-Constantin"]
[Result "1-0"]
[WhiteElo "2421"]
[BlackElo "2249"]
[PlyCount "69"]
[EventDate "2015.04.18"]
[EventRounds "9"]

1. Nf3 Nf6 2. c4 g6 3. g3 Bg7 4. Bg2 O-O 5. O-O d6 6. d4 c6 7. Nc3 a6 8. a4 a5
9. h3 Na6 10. e4 Nd7 11. Be3 e5 12. Rc1 Qc7 13. Rc2 exd4 14. Nxd4 Ndc5 15. Re1
Bd7 16. Rd2 Rad8 17. Bg5 Rde8 18. Bf4 Be5 19. Bh6 Bg7 20. Bxg7 Kxg7 21. Nf3 Be6
22. Rxd6 Bxc4 23. Qd4+ Kg8 24. e5 Bd3 25. Re3 Bc2 26. Ng5 Rd8 27. Qh4 h5 28.
Be4 Bxe4 29. Ncxe4 Rxd6 30. exd6 Qd8 31. Qf4 Nxe4 32. Nxe4 f5 33. Qh6 fxe4 34.
Qxg6+ Kh8 35. Rxe4 1-0

[Event "Camp. rumeno 2015"]
[Site "Calimanesti ROM"]
[Date "2015.04.22"]
[Round "5"]
[White "Gavrilescu, David"]
[Black "Florescu, Codrut-Constantin"]
[Result "1/2-1/2"]
[WhiteElo "2284"]
[BlackElo "2249"]
[PlyCount "74"]
[EventDate "2015.04.18"]
[EventRounds "9"]

1. e4 c5 2. Nf3 Nc6 3. Bb5 Na5 4. d4 a6 5. Be2 cxd4 6. Qxd4 Nc6 7. Qe3 e6 8. c4
Nf6 9. Nc3 Qc7 10. h3 d6 11. O-O Be7 12. Rd1 O-O 13. b3 Ne5 14. Bb2 Ned7 15.
Rac1 b6 16. Nd4 Bb7 17. g3 Rac8 18. Bf1 Rfe8 19. Bg2 Qb8 20. Re1 Bf8 21. Qd2
Nc5 22. Re2 Red8 23. Rd1 b5 24. cxb5 axb5 25. Ndxb5 Ncxe4 26. Nxe4 Nxe4 27.
Bxe4 Bxe4 28. Rxe4 Qxb5 29. Qe2 Qb7 30. b4 d5 31. Rg4 Qd7 32. b5 f5 33. Rh4 Be7
34. Rf4 Bd6 35. Rh4 Be7 36. Rf4 Bd6 37. Rfd4 Bc5 1/2-1/2

[Event "Camp. rumeno 2015"]
[Site "Calimanesti ROM"]
[Date "2015.04.23"]
[Round "6"]
[White "Florescu, Codrut-Constantin"]
[Black "Martian, Dragos Daniel"]
[Result "0-1"]
[WhiteElo "2249"]
[BlackElo "2241"]
[PlyCount "52"]
[EventDate "2015.04.18"]
[EventRounds "9"]

1. e4 c5 2. Nf3 e6 3. d4 cxd4 4. Nxd4 a6 5. f4 d5 6. Nc3 dxe4 7. Nxe4 Be7 8. c3
Nf6 9. Ng5 O-O 10. Qc2 Qc7 11. Bd3 h6 12. h4 e5 13. Ne2 Nc6 14. Bd2 Bg4 15.
O-O-O e4 16. Bc4 Na5 17. Bxf7+ Rxf7 18. Rde1 Bxe2 19. Rxe2 Qc4 20. Re3 Qxa2 21.
Nxf7 Nb3+ 22. Kd1 Kxf7 23. Ke2 Qa4 24. Ke1 Qa1+ 25. Qd1 Qxd1+ 26. Kxd1 Rd8 0-1